000 00647nam a22001937a 4500
005 20230512123157.0
008 180115t xxu||||| |||| 00| 0 eng d
020 _a9719201843
040 _cCSPC
082 0 _a959.9031
_bG956
245 0 0 _aMga gunita ng himagsikan :
_bni Heneral Emilio Aguinaldo
260 _aManila :
_bNational Centennial Commission
_bCavite Historical Society,
_c1998.
300 _aii, 340 pages :
_bimages ;
_c23 cm.
651 0 _aPhilippines
_xHistory
_xRevolution
_y1898-1961.
940 _aLenie
942 _cBOOK
_jFIL 959.9031 G956 1998
999 _c550
_d550